00983nas a2200229Ia 4500001001100000003000900011008004100020040001300061040001300074041001300087100005400100210001000154222001000164245008400174250001100258260004100269501008600310300001700396362004100413500026000454650003900714R455/D7414IT-RoPAU151124c99999999xx |||||||||||| ||und|| aIT-RoPAU cIT-RoPAU aITALIANO aLamera Atanasio StefanogCodice Aut. SPICS: 4908 aJESUS aJesus aJESUS, ANNO 11-N.10 SUPPL. (OTTOBRE 1989)bE' la Santita' la Radice Dell'Albero a1a ed. aALBA (CN)bPERIODICI SAN PAOLOc1989 bPaulus - SPICS - Società San Paolo EM (non-commercial uses only)cCopyright2015 a3 p. [36-38] aANNO 011, N.10 SUPPL. (OTTOBRE 1989) aA 18 Anni Dalla Scomparsa di Don Alberione, la Chiesa Proclama Beato Don Timoteo Giaccardo. Intanto sono in Corso i Processi Canonici per Maggiorino Vigolungo, Fratel Borello, Sr. Tecla Merlo, Prima Superiora Generale Delle Figlie di San Paolo, e il Canon aPASTORALEvPUBBLICAZIONE PERIODICA